| 000 | 00532nam a2200169 a 4500 | ||
|---|---|---|---|
| 001 | 000049197 | ||
| 005 | 20201002061728.0 | ||
| 008 | 190726s2002 dr r 000 0 spa d | ||
| 040 |
_aDO-SdBNP _bspa _cBNPHU |
||
| 082 |
_axxxx _bR426L, 2002 |
||
| 110 | 1 |
_aRepública Dominicana _9447 |
|
| 240 | 1 | 0 | _a[Leyes, etc.] |
| 245 | 1 | 0 |
_aLey No. 183-02 : _bcódigo monetario y financiero, reproducción fiel a su original. |
| 260 |
_aSanto Domingo : _bEditora Tavárez, _c2002. |
||
| 300 |
_a142 p. ; _c21 cm. |
||
| 590 | _aInventariado, 2019/BT | ||
| 999 |
_c48685 _d48685 |
||